000
00310nam a22001097a 4500
999
_c
8341
_d
8342
008
190928b ||||| |||| 00| 0 eng d
082
_a
616 UGY
245
_a
Laboratory protocol for drying of above ground tree biomass sample
260
_a
Bumthang ;
_b
UWICER,
_c
2018
300
_a
iii, 11 p.
_c
21 cm.
942
_2
ddc